00592nam a2200121 a 450000100100000000500170001000800410002704000250006811000270009324502400012026000680036030000420042800003358920200930070353.0110901s1895 dr 000 0 spa d aDO-SdBNPbspacBNPHU1 aRepública Dominicana10aMemoria que al ciudadano presidente de la República presenta el Secretario de Estado de Correos y Telegrafos acompañada de la del ciudadano Administador General del Correo y de la Estadística Postal correspondiente al año 1894. aSanto Domingo :bImp. La Cuna de América J. R. Roques,c1895. a1v. Con varias paginaciones ;c26 cm.